000 00802cam a2200337ua 4500
020 _c11.00
041 _amal
_h
082 _a635.93372
_bGEO/RO
100 _aGeorge, Thomas .
245 _aRose /
_cThomas George.
_hTextual Documents
260 _aThiruvananthapuram :
_bState Instititute of Languages ,
_c1974.
300 _a243 ; .
365 _a11.00
504 _a
700 1 _aGopimony, M .
942 _cBK
999 _c6186
_d6186